01211cam a22003614i 4500003000900000005001700009008004100026020001500067035002700082040003300109082001700142100003000159245002300189264006200212300003800274336002100312337002500333338002300358504004200381505026300423526001000686526001000696526001000706526001000716526000800726526000800734526000800742526000800750526000800758526000800766526000800774650006700782PE-LiUPU20250731173539.0150616s r 000 0 d a0875091601 a(Sirsi) i9780875091600 aPE-LiUPUbspacPE-LiUPUerda04a253bB162211 aBailey, Keith M.,eautor.10aServant in Charge. 1aCamp Hill, Pennsylvania :bChristian Publications,c1979. a123 páginas ;c21 centímetros atext2rdacontent aunmediated2rdamedia avolume2rdacarrier aBibliografía al pie de algunas pag.0 aLocal church leadership- Who is the pastor?.- Whoare the elders?.- Who are the deacons?.- The leadership team.- The scriptural qualifications of elders.- The scriptural qualifications of deacons.- The ministry of the lay elders.- the ministry of the deacons. aSEG42 aSEG41 aSEG40 aSEG39 aP94 aP87 aP86 aP85 aP77 aP76 aP3504aAncianos (oficiales de la Iglesia)vCompendios, manuales, etc.